000
00211 a2200097 4500
001
29487
100
_a
Mondey
245
_a
Illustrated encyclopedia of aircraft
260
_a
_b
Hamlyn
_c
090
_c
19669
_d
19669
942
_a
NUST-CAE
_c
M
_c
10745
999
_c
264560
_d
264560